| 000 | 00495nam a22001697 4500 | ||
|---|---|---|---|
| 082 |
_a624.1821 _bFAB _cL-38, P-120 |
||
| 100 | 1 |
_aFaber, Oscar, _942879 |
|
| 245 | 0 | 0 | _aConstructional steelwork simply explained. |
| 250 | _a2d ed. | ||
| 260 |
_aLondon, _bOxford University Press _c[1946] |
||
| 300 | _a128 p. | ||
| 526 |
_a0 _b0 _c0 _d624_182100000000000_FAB |
||
| 526 |
_a0 _b0 _c0 _d624_182100000000000_FAB |
||
| 526 |
_a0 _b0 _c0 _d624_182100000000000_FAB |
||
| 650 |
_aMCE _9379 |
||
| 942 |
_2ddc _cBK |
||
| 999 |
_c546777 _d546777 |
||